<?xml version="1.0" encoding="UTF-8"?>
<marc:record xmlns:marc="http://www.loc.gov/MARC21/slim">
   <marc:leader>00000nam a2200000 a 4500</marc:leader>
   <marc:datafield ind1="1" ind2=" " tag="100">
      <marc:subfield code="a">Lemster, Michael</marc:subfield>
      <marc:subfield code="4">aut</marc:subfield>
      <marc:subfield code="e">Verfasser/-in</marc:subfield>
   </marc:datafield>
   <marc:datafield ind1=" " ind2=" " tag="653">
      <marc:subfield code="a">Oper</marc:subfield>
   </marc:datafield>
   <marc:datafield ind1=" " ind2=" " tag="653">
      <marc:subfield code="a">Komponist</marc:subfield>
   </marc:datafield>
   <marc:datafield ind1="0" ind2="0" tag="245">
      <marc:subfield code="a">Die Wagners</marc:subfield>
   </marc:datafield>
   <marc:datafield ind1="0" ind2="0" tag="245">
      <marc:subfield code="b">Eine Familie zwischen Musik und Macht</marc:subfield>
   </marc:datafield>
   <marc:datafield ind1=" " ind2="1" tag="264">
      <marc:subfield code="b">Benevento</marc:subfield>
      <marc:subfield code="c">2026</marc:subfield>
   </marc:datafield>
   <marc:datafield ind1="1" ind2=" " tag="520">
      <marc:subfield code="a">Eine Familiendynastie zwischen Genie, Macht und Vermächtnis der Wagnerfestspiele
  Was trieb das Genie hinter den berühmten Opern an, und welches Erbe hinterließ es der Welt? Diese Familienbiografie spart dabei die Schattenseiten nicht aus: Antisemitismus, politische Verstrickungen bis in die NS-Zeit und schonungslose Machtgier gehören ebenso zur Geschichte wie die Strahlkraft Richard Wagners Bühnenwerke. Mit feinem Gespür für das Zeitkolorit macht Lemster ein packendes Stück Musikgeschichte greifbar und zeigt unterhaltsam und eindrücklich, wie die Familie Wagner die Kunstwelt nachhaltig geprägt hat.
(Verlagstext)</marc:subfield>
   </marc:datafield>
   <marc:datafield ind1=" " ind2=" " tag="020">
      <marc:subfield code="a">9783710901683</marc:subfield>
      <marc:subfield code="9">9783710901683</marc:subfield>
   </marc:datafield>
</marc:record>
